00410nam a2200121Ia 4500008004100000100001700041245009600058245003100154260000900185300001000194650001300204856007100217170221s9999 xx 000 0 und d aManel GHARBI aManagerial Shareholding Role in diversifying orientation decision across Tunisian companies cManel GHARBI, Anis JARBOUI c2016 a5 : 5 xBusiness uhttp://absronline.org/journals/index.php/eimj/article/view/637/659